El Desarrollo económico de la Europa continental (1500-1750). Historia económica mundial /
Uloženo v:
| Hlavní autor: | |
|---|---|
| Další autoři: | |
| Médium: | Text |
| Vydáno: |
México D.F.:
Siglo XXI
|
| Tagy: |
Přidat tag
Žádné tagy, Buďte první, kdo vytvoří štítek k tomuto záznamu!
|
MARC
| LEADER | 00000 a a2200000 04500 | ||
|---|---|---|---|
| 001 | 22232 | ||
| 003 | |||
| 040 | |||
| 020 | |a 968-23-0043-6 | ||
| 090 | |a 150800 | ||
| 100 | |a Kellenbenz, Hermann | ||
| 245 | |a El Desarrollo económico de la Europa continental (1500-1750). Historia económica mundial / |c Hermann Kellenbenz | ||
| 260 | |a México D.F.: |b Siglo XXI | ||
| 300 | |a 369 p | ||
| 700 | |a Carabaña, Julio |a trad |a Valbuena, Dario |a trad | ||
| 999 | |c 1030 |d 1030 | ||



